Data construction and data analysis for survey research

Bibliographic Details
Main Author: Kent Raymond
Format: Book
Published: Houndmills : Palgrave , 2001
Subjects:

MARC

LEADER 00000cam a2200000 7i4500
001 0000011652
005 20030823.0
020 |a 0333763068 
040 |a INS 
090 0 0 |a HM535   |b K452001 
100 1 |a Kent Raymond 
245 1 0 |a Data construction and data analysis for survey research 
260 |a Houndmills :   |b Palgrave ,   |c 2001 
300 |a xv :   |b 251p ;   |c 24cm. 
650 0 0 |a Methodology 
650 0 0 |a Social sciences   |x Research 
999 |a 0000011632   |b BOOK   |c Open Shelf   |e Default branch